000
00269nmm a2200097Ia 4500
008
220120s9999||||xx |||||||||||||||||und||
020
_a
81-203-2165-0
100
_a
EFY
245
0
_a
Free source code and digital library inside
260
_a
EFY enterprises
_b
New Delhi
_c
2015
999
_c
139963
_d
139963